|
|
|
|
| LEADER |
01480nam a2200313 a 4500 |
| 001 |
c000049710 |
| 003 |
CARM |
| 005 |
00000000000000.0 |
| 008 |
810320s1972 ne a b 10010 eng d |
| 019 |
1 |
|
|a 2698593
|5 LACONCORD2021
|
| 035 |
|
|
|a (OCoLC)220335164
|5 LACONCORD2021
|
| 040 |
|
|
|d XCC
|
| 111 |
2 |
0 |
|a Indiana University Conference on Paralinguistics and Kinesics
|d (1962)
|
| 245 |
1 |
0 |
|a Approaches to semiotics :
|b cultural anthropology, education, linguistics, psychiatry, psychology : transactions of the Indiana University Conference on Paralinguistics and Kinesics /
|c edited by Thomas A. Sebeok, Alfred S. Hayes, Mary Catherine Bateson.
|
| 260 |
|
|
|a The Hague, Holland :
|b Mouton,
|c 1972.
|
| 300 |
|
|
|a 294 p. :
|b ill. ;
|c 27 cm.
|
| 440 |
|
|
|a Janua linguarum.
|p Series maior ;
|v 15
|
| 504 |
|
|
|a Includes bibliographies.
|
| 650 |
|
0 |
|a Nonverbal communication (Psychology)
|x Congresses.
|
| 650 |
|
0 |
|a Semiotics
|x Congresses.
|
| 650 |
|
0 |
|a Paralinguistics
|x Congresses.
|
| 700 |
1 |
|
|a Hayes, Alfred S.
|
| 700 |
1 |
|
|a Sebeok, Thomas A.
|q (Thomas Albert),
|d 1920-
|
| 710 |
2 |
|
|a Indiana University, Bloomington.
|b Research Center in Anthropology, Folklore and Linguistics.
|
| 710 |
1 |
|
|a Bateson (Mary Catherine)
|
| 852 |
8 |
|
|b CARM
|h A2:AL29C5
|i D03637
|p 0169013
|f BK
|
| 082 |
0 |
4 |
|a 302.2
|a 401.9
|2 19
|
| 999 |
f |
f |
|i bac3801f-cbcc-561e-8890-c390adedf43b
|s 22796125-aa5d-5d33-97cd-47e8a501f62c
|
| 952 |
f |
f |
|p Can circulate
|a CAVAL
|b CAVAL
|c CAVAL
|d CARM 1 Store
|e D03637
|f A2:AL29C5
|h Other scheme
|i book
|m 0169013
|